The book of Letters. (Record no. 274195)

MARC details
000 -LEADER
fixed length control field 00501nam a2200181Ia 4500
008 - FIXED-LENGTH DATA ELEMENTS--GENERAL INFORMATION
fixed length control field 090630s9999 xx 000 0 und d
082 ## - DEWEY DECIMAL CLASSIFICATION NUMBER
Item number 22339
100 ## - MAIN ENTRY--PERSONAL NAME
Personal name Mary Owens Crowther.
245 ## - TITLE STATEMENT
Title The book of Letters.
Statement of responsibility, etc Mary Owens Crowther.
260 ## - PUBLICATION, DISTRIBUTION, ETC. (IMPRINT)
Name of publisher, distributor, etc Gardancity Publishers Co. -New York.
Date of publication, distribution, etc 1922
300 ## - PHYSICAL DESCRIPTION
Extent 272
600 ## - SUBJECT ADDED ENTRY--PERSONAL NAME
Personal name Mary Owens Crowther.
630 ## - SUBJECT ADDED ENTRY--UNIFORM TITLE
Uniform title The book of Letters.
655 ## - INDEX TERM--GENRE/FORM
Genre/form data or focus term English.
700 ## - ADDED ENTRY--PERSONAL NAME
Personal name Mary Owens Crowther.
730 ## - ADDED ENTRY--UNIFORM TITLE
Uniform title The book of Letters.
942 ## - ADDED ENTRY ELEMENTS (KOHA)
Koha item type Book
Holdings
Withdrawn status Lost status Damaged status Not for loan Home library Current library Date acquired Cost, normal purchase price Total Checkouts Full call number Barcode Date last seen Cost, replacement price Price effective from Koha item type
        Sarvajanik Wachanalaya Shrivardhan Sarvajanik Wachanalaya Shrivardhan 02/08/2004 8.00   22339 SAWASHRI-22339 06/30/2009 8.00 06/30/2009 Book